Seguimos a Jesús: guía del catequista. Etapa 2
Պահպանված է:
| Հիմնական հեղինակ: | |
|---|---|
| Ձևաչափ: | Գիրք |
| Լեզու: | իսպաներեն |
| Հրապարակվել է: |
Buenos Aires
PPC
2013
|
| Հրատարակություն: | 1a. ed |
| Շարք: | Catequesis de Iniciación Cristiana. Colección Kainos
|
| Խորագրեր: | |
| Ցուցիչներ: |
Ավելացրեք ցուցիչ
Չկան պիտակներ, Եղեք առաջինը, ով նշում է այս գրառումը!
|
MARC
| LEADER | 00000cam a2200000 a 4500 | ||
|---|---|---|---|
| 001 | UCC3619 | ||
| 003 | CL-VaPUC | ||
| 008 | 180531e20130000ag |||||||||||||||||spa|d | ||
| 020 | |a 9789871931088 | ||
| 082 | 0 | 4 | |a 268.4 |b ESP |2 21 |
| 100 | 0 | |a Esparafita, Fabián Oscar |e author |9 597678 | |
| 245 | 1 | 0 | |a Seguimos a Jesús: guía del catequista. Etapa 2 |
| 250 | |a 1a. ed | ||
| 300 | |a 176 p | ||
| 942 | |c BK | ||
| 945 | |d 20180531 16:15:00 |a dcastane | ||
| 260 | |a Buenos Aires |b PPC |c 2013 | ||
| 650 | 7 | |a CATEQUESIS FAMILIAR |2 CL-VaPUC |9 481682 | |
| 650 | 0 | |a Catequesis y vida cristiana |9 320810 | |
| 650 | 7 | |a CATEQUISTAS |2 CL-VaPUC |9 481683 | |
| 583 | |a last modification |c 20180531 16:15:00 |k Rodrigo Vera | ||
| 490 | 0 | |a Catequesis de Iniciación Cristiana. Colección Kainos | |
| 999 | |c 371312 |d 371310 | ||
| 952 | |0 0 |1 0 |3 erb |4 0 |6 268_400000000000000_ESP_2013 |7 0 |8 A |9 488278 |a BIBTEO |b BIBTEO |i 5473063 |o 268.4 ESP 2013 |p 5473063 |r 2025-01-17 |w 2019-11-24 |y BK |z Catalogado en:20180531 |k ICR | ||